000 00756nam a2200265 a 4500
001 vtls000969720
003 NLI
005 20210627095010.0
008 120112s1861 enk 000 0 eng
039 9 _y201201122252
_zEntertech_02
040 0 _aNLI
_beng
_cEntertech-2011
_eAACR2
041 0 _aeng
044 _aenk
084 0 4 _a98.C.97
100 1 _aRichardson, John
_cSir
_9908397
245 1 0 _aThe polar regions /
_cJohn Richardson
260 _aEdinburg :
_bAdam and Charles Black,
_c1861
300 _aix, 400 p.;
_c23 cm.
651 0 _aPolar regions
_xJuvenile literature
_9908398
651 0 _aPolar regions
_9884044
887 _a
901 _aIMP54840 :
_b18.08.2010
902 _a98.C.91
999 _aVIRTUA
_c792012
_d792012
942 _2ddc
_cBKS